| 000 | 00595nam a2200205 a 4500 | ||
|---|---|---|---|
| 005 | 20210219152951.0 | ||
| 008 | 991125n 000 0 u | ||
| 035 | _aUPN01000069545 | ||
| 100 | _aBAUZA AGUILAR, Vivian Caridad | ||
| 222 | _aEDUCACION (CUBA) | ||
| 245 | _a¿ Contribuye la formación patriótica e internacionalista de las nuevas generaciones ? | ||
| 300 | _a84-90 | ||
| 362 | _a1986 Año 16, no. 62 jul.-sept. | ||
| 653 | 0 | _aBIOLOGIA | |
| 653 | 0 | _aENSEÑANZA | |
| 653 | 0 | _aPOLITICA EDUCATIVA | |
| 653 | 0 | _aSISTEMA EDUCATIVO | |
| 904 |
_aAC _b007356 |
||
| 905 | _aArticulo | ||
| 999 |
_c65012 _d65012 |
||